Devinons - Marques d'Alcool (Spirit Edition #2) - Statistiques

Statistiques générales
  • Ce quiz a été pris 9 fois
  • Le résultat moyen est 5 sur 20
Statistiques - réponses
Hint Réponse % Correct
Crème de whisky irlandaise avec des collines sur l'étiquette Baileys
63%
Alcool italien rouge vif très amer, souvent servi avec du soda Campari
50%
Triple sec français (liqueur d'orange) dans une bouteille carrée ambrée Cointreau
50%
Leader de l'apéritif italien avec un logo cercle rouge et barre bleue Martini
50%
Maison de Champagne célèbre pour sa "cravate" noire sur la bouteille Moët & Chandon
50%
Champagne officiel de la F1 pendant longtemps avec son ruban rouge Mumm
38%
Apéritif français à base de gentiane dans une bouteille très haute Suze
38%
Liqueur verte ou jaune fabriquée par des moines en Isère Chartreuse
25%
Gin français artisanal distillé à Cognac dans des alambics en cuivre Citadelle
25%
Liqueur d'orange et de cognac avec un ruban et un sceau rouge Grand Marnier
25%
Leader mondial du Cognac dont le logo est un bras armé d'une hache Hennessy
25%
Champagne reconnaissable par son étiquette "jaune orangé" Veuve Clicquot
25%
Célèbre liqueur de menthe française dans une bouteille en forme de lanterne Get 27
13%
La gnôle artisanale non identifiée qu'on ressort à la fin du repas de Noël L'eau de vie de papy
13%
Marque française célèbre pour ses liqueurs et son anisette depuis 1755 Marie Brizard
13%
La plus ancienne maison de Cognac, célèbre pour son "Cordon Bleu" Martell
13%
Gin écossais infusé au concombre et à la rose Hendrick's
0%
Maison de Champagne à l'étiquette rouge et or très "glamour" Piper-Heidsieck
0%
Maison de Cognac dont l'emblème est un centaure Rémy Martin
0%
Gin dans une bouteille verte avec un sceau de cire rouge marqué d'un "T" Tanqueray
0%
Aucun quiz correspondant
Distribution des résultats
% des personnes avec chaque résultat
Percentile par nombre de réponses
Votre historique - résultats
Vous n’avez pas pris ce quiz